[Event "Ýòàï Êóáêà Ðîññèè ïî øàõìàòàì ñðåäè æåíù"]
[Site "Naberezhnye Chelny"]
[Date "2017.08.06"]
[Round "5.5"]
[White "×åêìàðåâà, Ëèÿ."]
[Black "Âàñèëåâè÷, Òàòüÿíà."]
[Result "0-1"]
[WhiteElo "2092"]
[BlackElo "2380"]
[PlyCount "86"]
[EventDate "2017.08.02"]

1. e4 c5 2. Nf3 e6 3. b3 b6 4. Bb2 Bb7 5. Qe2 d6 6. g3 Nf6 7. d3 Be7 8. Bg2 O-O
9. O-O Nc6 10. Nbd2 Qc7 11. h3 Nd7 12. Nh2 Bf6 13. c3 g6 14. f4 Rae8 15. g4 Bg7
16. g5 f5 17. gxf6 Nxf6 18. Bf3 Bh6 19. Bg4 Nxg4 20. Nxg4 Bxf4 21. Nf3 e5 22.
Bc1 Bc8 23. Qg2 Nd8 24. Bxf4 exf4 25. Rae1 Qg7 26. d4 h5 27. Ngh2 Ba6 28. Rf2
cxd4 29. cxd4 Bd3 30. Nh4 Kh7 31. N2f3 Nf7 32. Nd2 d5 33. e5 g5 34. Nhf3 g4 35.
hxg4 hxg4 36. Nh4 Ng5 37. Rc1 Nh3+ 38. Kh1 Qh6 39. Rc7+ Kh8 40. Rf3 Qxh4 41.
Rxd3 Nf2+ 42. Kg1 Nxd3 43. Nf3 Qg3 0-1

[Event "Ýòàï Êóáêà Ðîññèè ïî øàõìàòàì ñðåäè æåíù"]
[Site "Naberezhnye Chelny"]
[Date "2017.08.06"]
[Round "5.6"]
[White "Àçèìîâà, Êàðèíà."]
[Black "Ìàêàðåíêî, Àëåêñàíäðà."]
[Result "1-0"]
[WhiteElo "2061"]
[BlackElo "2243"]
[PlyCount "96"]
[EventDate "2017.08.02"]

1. e4 e5 2. Nf3 Nc6 3. Nc3 Nf6 4. d4 exd4 5. Nxd4 Bb4 6. Nxc6 bxc6 7. Bd3 d6 8.
O-O Ng4 9. Be2 Qh4 10. Bf4 O-O 11. Bg3 Qg5 12. Na4 f5 13. c3 f4 14. cxb4 fxg3
15. Qb3+ Kh8 16. Qxg3 Qe5 17. Qxe5 Nxe5 18. Nc3 Bd7 19. Rab1 Rab8 20. a3 g5 21.
f3 Rf7 22. Nd1 Kg7 23. Ne3 Rh8 24. Rbc1 Ng6 25. Bc4 Re7 26. Rfe1 h5 27. Bf1 g4
28. fxg4 hxg4 29. b5 cxb5 30. Rxc7 a6 31. Rd1 Rc8 32. Rxc8 Bxc8 33. Rxd6 Rxe4
34. Rxg6+ Kxg6 35. Bd3 Kg5 36. Bxe4 Kf4 37. Bf5 Bxf5 38. Nxf5 Kxf5 39. Kf2 Kf4
40. b4 Ke4 41. Kg3 Kd4 42. Kxg4 Kc4 43. h4 Kb3 44. h5 Kxa3 45. h6 Kxb4 46. h7
a5 47. h8=Q a4 48. Qb2+ Kc4 1-0

[Event "Ýòàï Êóáêà Ðîññèè ïî øàõìàòàì ñðåäè æåíù"]
[Site "Naberezhnye Chelny"]
[Date "2017.08.06"]
[Round "5.7"]
[White "Ïîãîðåëüñêèõ, Ñîôüÿ."]
[Black "Ñìèðíîâà, Åêàòåðèíà."]
[Result "1/2-1/2"]
[WhiteElo "2028"]
[BlackElo "2141"]
[PlyCount "89"]
[EventDate "2017.08.02"]

1. e4 e6 2. d4 d5 3. Nc3 Bb4 4. exd5 exd5 5. Bd3 Nf6 6. Nge2 O-O 7. O-O Bg4 8.
Bg5 c6 9. f3 Bh5 10. Nf4 Bg6 11. Nxg6 fxg6 12. Ne2 Bd6 13. Qd2 Nbd7 14. c3 Qc7
15. Bf4 Rae8 16. Bxd6 Qxd6 17. Ng3 b6 18. Rfe1 c5 19. Bc2 c4 20. Rxe8 Rxe8 21.
Re1 Rxe1+ 22. Qxe1 Kf7 23. Qe3 b5 24. Ne2 b4 25. cxb4 Qxb4 26. Qc3 Qe7 27. Kf2
Qd6 28. g3 g5 29. b3 cxb3 30. Bxb3 g4 31. Nf4 gxf3 32. Qxf3 Nb6 33. Nh5 Qb4 34.
Qf4 Qc3 35. Nxf6 gxf6 36. Kg2 Nc4 37. Bxc4 Qxc4 38. Qd2 a6 39. h4 Kg7 40. Qb2
Qc6 41. Qe2 Kf7 42. Qh5+ Kg7 43. Qg4+ Kf7 44. Qh5+ Kg7 45. Qg4+ 1/2-1/2

[Event "Ýòàï Êóáêà Ðîññèè ïî øàõìàòàì ñðåäè æåíù"]
[Site "Naberezhnye Chelny"]
[Date "2017.08.06"]
[Round "5.8"]
[White "Áåëîâà, Îëüãà."]
[Black "Ëûñåíêî, Ìàðãàðèòà."]
[Result "1-0"]
[WhiteElo "2042"]
[BlackElo "2126"]
[PlyCount "65"]
[EventDate "2017.08.02"]

1. e4 c5 2. Nf3 Nc6 3. Bb5 g6 4. Bxc6 bxc6 5. O-O Bg7 6. Re1 Nh6 7. c3 O-O 8.
d4 cxd4 9. cxd4 d5 10. e5 f6 11. h3 fxe5 12. Nxe5 Qb6 13. Nc3 Nf5 14. Ne2 c5
15. dxc5 Qxc5 16. Nf4 e6 17. Nfd3 Qe7 18. Bd2 a5 19. Rc1 Bb7 20. Qg4 Rfc8 21.
Rxc8+ Bxc8 22. Rc1 Bb7 23. Bg5 Qd6 24. Bf4 Qb6 25. h4 Nh6 26. Qh3 Rc8 27. Rxc8+
Bxc8 28. h5 g5 29. Bxg5 Qd4 30. Nc6 Qc4 31. Ne7+ Kh8 32. Bxh6 Bxh6 33. Qg3 1-0

[Event "Ýòàï Êóáêà Ðîññèè ïî øàõìàòàì ñðåäè æåíù"]
[Site "Naberezhnye Chelny"]
[Date "2017.08.06"]
[Round "5.9"]
[White "×àðî÷êèíà, Äàðüÿ."]
[Black "Çèííàòóëëèíà, Àäåëÿ."]
[Result "1-0"]
[WhiteElo "2344"]
[BlackElo "1985"]
[PlyCount "117"]
[EventDate "2017.08.02"]

1. d4 Nf6 2. Bf4 e6 3. Nf3 d5 4. e3 c5 5. c3 Nc6 6. Nbd2 Be7 7. Bd3 Nh5 8. Be5
Nf6 9. O-O Nxe5 10. Nxe5 O-O 11. Qf3 c4 12. Bc2 Nd7 13. Qh3 f5 14. f4 Rf6 15.
g4 Nxe5 16. fxe5 Rg6 17. Bd1 Qb6 18. Rb1 Bd7 19. Kh1 Rf8 20. gxf5 exf5 21. Bc2
Rh6 22. Qf3 Qd8 23. Rf2 Be6 24. Rg1 Qe8 25. Nf1 Qh5 26. Qxh5 Rxh5 27. Ng3 Rg5
28. Rgf1 g6 29. Bd1 h5 30. Ne2 Kf7 31. Nf4 h4 32. Nh3 b5 33. Bf3 Rd8 34. Nxg5+
Bxg5 35. e4 Bh6 36. exf5 gxf5 37. Rg2 Rh8 38. Bg4 f4 39. Bxe6+ Kxe6 40. Rg4 Kf5
41. Rxh4 a5 42. Rfxf4+ Bxf4 43. Rxh8 Bc1 44. Rf8+ Ke6 45. Rf6+ Ke7 46. Rf2 b4
47. h4 Be3 48. Re2 Bh6 49. Kg2 Ke6 50. Kf3 Bf8 51. Kg4 a4 52. a3 bxa3 53. bxa3
Bxa3 54. Ra2 Bc1 55. Rxa4 Bb2 56. Ra6+ Ke7 57. Kf5 Bxc3 58. h5 Bxd4 59. h6 1-0

[Event "Ýòàï Êóáêà Ðîññèè ïî øàõìàòàì ñðåäè æåíù"]
[Site "Naberezhnye Chelny"]
[Date "2017.08.06"]
[Round "5.10"]
[White "Øàéäóëëèíà, Ñàíäóãà÷."]
[Black "Ëûñåíêî, Îëåñÿ."]
[Result "1-0"]
[WhiteElo "2252"]
[BlackElo "1658"]
[PlyCount "81"]
[EventDate "2017.08.02"]

1. d4 Nf6 2. c4 g6 3. Nc3 Bg7 4. e4 d6 5. Nf3 O-O 6. h3 e5 7. d5 a5 8. g4 Na6
9. Bg5 Nc5 10. Nd2 c6 11. Be2 Qb6 12. Qc2 cxd5 13. cxd5 Bd7 14. O-O Rfc8 15.
Be3 Qc7 16. a4 h5 17. Qd1 hxg4 18. hxg4 Nh7 19. Kg2 Bf6 20. Rh1 Ng5 21. Rc1
Nxa4 22. Nf3 Nxc3 23. Bxg5 Bxg5 24. Rxc3 Qd8 25. Nxg5 Qxg5 26. Rch3 Kg7 27.
Rh7+ Kf6 28. Qb3 Bxg4 29. Qg3 Bxe2 30. Rxf7+ Kxf7 31. Qxg5 Rh8 32. Rxh8 Rxh8
33. Qd2 Ba6 34. Qxa5 Rc8 35. Qd2 Rc4 36. f3 Bb5 37. b3 Rc5 38. Kg3 Bf1 39. Kg4
b5 40. Kg5 Rc7 41. f4 1-0

[Event "Ýòàï Êóáêà Ðîññèè ïî øàõìàòàì ñðåäè æåíù"]
[Site "Naberezhnye Chelny"]
[Date "2017.08.06"]
[Round "5.11"]
[White "Êîçèíà, Àíàñòàñèÿ."]
[Black "Ñòðîãàíîâà, Êàðèíà."]
[Result "1-0"]
[WhiteElo "2132"]
[BlackElo "1625"]
[PlyCount "39"]
[EventDate "2017.08.02"]

1. e4 g6 2. d4 d6 3. Nc3 Bg7 4. Be3 a6 5. f4 b5 6. Be2 Bb7 7. Bf3 Nd7 8. Nh3
Rc8 9. O-O c5 10. e5 Bxf3 11. Qxf3 Nh6 12. dxc5 dxe5 13. c6 Nb8 14. fxe5 O-O
15. Rad1 Qc7 16. Nd5 Qxe5 17. Bf4 Qxb2 18. Nxe7+ Kh8 19. Nxc8 Rxc8 20. c7 1-0

[Event "Ýòàï Êóáêà Ðîññèè ïî øàõìàòàì ñðåäè æåíù"]
[Site "Naberezhnye Chelny"]
[Date "2017.08.06"]
[Round "5.12"]
[White "Ñîñíèíà, Åêàòåðèíà."]
[Black "Ôàéðóçîâà, Çóëüôèÿ."]
[Result "0-1"]
[WhiteElo "1732"]
[BlackElo "1707"]
[PlyCount "98"]
[EventDate "2017.08.02"]

1. e4 e5 2. Nf3 d6 3. d4 exd4 4. Nxd4 Nf6 5. Nc3 Be7 6. Bc4 Bd7 7. O-O O-O 8.
Re1 Nc6 9. h3 a6 10. a4 Nxd4 11. Qxd4 Bc6 12. Nd5 Nxd5 13. exd5 Bf6 14. Qd3 Bd7
15. c3 g6 16. Qf3 Bg7 17. Bd3 Re8 18. Bf4 Bxa4 19. Qg3 Rxe1+ 20. Rxe1 Qf8 21.
Qg4 f5 22. Qh4 Re8 23. Ra1 Bd7 24. Be3 Qf7 25. Qb4 Bc8 26. Bc2 Be5 27. Ba4 b5
28. Bc2 f4 29. Bd2 f3 30. Qh4 Qxd5 31. Be3 fxg2 32. Be4 Bh2+ 33. Kxh2 Qxe4 34.
Qxe4 Rxe4 35. Kxg2 Kf7 36. Bg5 Ke6 37. Kf3 Bb7 38. Kg3 d5 39. Be3 Kf5 40. Rd1
g5 41. Rd4 Rxd4 42. Bxd4 h5 43. h4 g4 44. b4 Ke4 45. Bc5 Bc8 46. Bd4 a5 47.
bxa5 b4 48. Bf6 b3 49. c4 d4 0-1

[Event "Ýòàï Êóáêà Ðîññèè ïî øàõìàòàì ñðåäè æåíù"]
[Site "Naberezhnye Chelny"]
[Date "2017.08.06"]
[Round "5.13"]
[White "Íèêîíîâà, Èðèíà."]
[Black "Ñàìóñåíêî, Ðàìçèÿ."]
[Result "1/2-1/2"]
[WhiteElo "1839"]
[BlackElo "2228"]
[PlyCount "120"]
[EventDate "2017.08.02"]

1. c4 e5 2. Nc3 d6 3. g3 g6 4. Bg2 Bg7 5. e3 Nc6 6. Nge2 Be6 7. d3 Qd7 8. Nd5
h5 9. h3 Nge7 10. Rb1 a5 11. b3 O-O 12. a3 Nd8 13. Nxe7+ Qxe7 14. O-O Qd7 15.
Kh2 d5 16. Qc2 c6 17. c5 Bf5 18. e4 Be6 19. f4 f6 20. Nc3 exf4 21. Bxf4 Qf7 22.
Bd6 Re8 23. Na4 b5 24. cxb6 Qd7 25. Bc5 Nb7 26. b4 Bf7 27. Nc3 axb4 28. axb4 f5
29. exf5 gxf5 30. Ne2 h4 31. d4 Ra3 32. Rb3 Rxb3 33. Qxb3 Rxe2 34. gxh4 Qe6 35.
Qg3 Kh7 36. Kh1 Nxc5 37. bxc5 Bxd4 38. b7 Be5 39. b8=Q Bxg3 40. Qxg3 Rc2 41.
Rg1 Rxc5 42. Bf3 Qf6 43. Qc7 Rc3 44. Bh5 Rxh3+ 45. Kg2 Rxh4 46. Qxf7+ Qxf7 47.
Bxf7 Rg4+ 48. Kf2 Rxg1 49. Kxg1 Kg7 50. Be8 c5 51. Bc6 d4 52. Bb5 Kf6 53. Kf2
Ke5 54. Bd3 Kf4 55. Ke2 Kg4 56. Kf2 f4 57. Be2+ Kf5 58. Kf3 Ke5 59. Bc4 Kf5 60.
Bd3+ Ke5 1/2-1/2

[Event "Ýòàï Êóáêà Ðîññèè ïî øàõìàòàì ñðåäè æåíù"]
[Site "Naberezhnye Chelny"]
[Date "2017.08.06"]
[Round "5.14"]
[White "Ìàãèçîâà, ßíà."]
[Black "Òåðÿåâà, Âàëåðèÿ."]
[Result "0-1"]
[WhiteElo "1556"]
[BlackElo "1771"]
[PlyCount "78"]
[EventDate "2017.08.02"]

1. e4 e5 2. c4 Nc6 3. Nc3 Bc5 4. g3 d6 5. Bg2 f5 6. d3 Nf6 7. Nge2 Ng4 8. O-O
f4 9. Na4 Nxf2 10. Rxf2 fxg3 11. Nxg3 Bxf2+ 12. Kxf2 Qh4 13. Kg1 Bg4 14. Qb3
Nd4 15. Qxb7 O-O 16. Qd5+ Be6 17. Qa5 Ne2+ 18. Nxe2 Qf2+ 19. Kh1 Qxe2 20. Bg5
Rf2 21. Rg1 Raf8 22. Nc3 Qxd3 23. Qxa7 Rxg2 24. Rxg2 Rf1+ 25. Qg1 Rxg1+ 26.
Kxg1 Bxc4 27. Rf2 Bxa2 28. Be7 h6 29. Nxa2 Qb1+ 30. Kg2 Qxa2 31. Bd8 Qa8 32.
Bxc7 Qxe4+ 33. Kg1 d5 34. Ba5 d4 35. b4 d3 36. b5 Qa4 37. Bc7 Qxb5 38. Rd2 Qc5+
39. Kf1 Qc1+ 0-1

[Event "Ýòàï Êóáêà Ðîññèè ïî øàõìàòàì ñðåäè æåíù"]
[Site "Naberezhnye Chelny"]
[Date "2017.08.06"]
[Round "5.15"]
[White "ßêèìîâà, Ìàðèÿ."]
[Black "Àëèøåâà, Àéãóëü."]
[Result "1-0"]
[WhiteElo "1772"]
[BlackElo "1199"]
[PlyCount "93"]
[EventDate "2017.08.02"]

1. e4 e5 2. Nf3 Nc6 3. d4 exd4 4. Nxd4 Bb4+ 5. c3 Be7 6. Bd3 Nf6 7. O-O O-O 8.
h3 d5 9. Nxc6 bxc6 10. e5 Nd7 11. Bf4 Nc5 12. Bc2 f6 13. Nd2 fxe5 14. Bxe5 Bf6
15. Bg3 Qd7 16. Nf3 Re8 17. Qd2 Qf7 18. Rfe1 Bb7 19. Nd4 Bxd4 20. Qxd4 Ne6 21.
Qh4 h6 22. Qg4 Re7 23. Qg6 Qxg6 24. Bxg6 Kf8 25. Bh4 Ng5 26. Rxe7 Kxe7 27. f4
Kf6 28. Bd3 c5 29. fxg5+ hxg5 30. Bf2 c4 31. Bc2 a5 32. Bd4+ Ke6 33. Re1+ Kf7
34. Re5 g4 35. Rg5 Rg8 36. Rxg4 g5 37. Bh7 Re8 38. Kf2 a4 39. Rxg5 Kf8 40. Rg8+
Ke7 41. Rxe8+ Kxe8 42. g4 Bc8 43. Kg3 Kf7 44. g5 c6 45. g6+ Kf8 46. g7+ Ke7 47.
g8=Q 1-0

[Event "Ýòàï Êóáêà Ðîññèè ïî øàõìàòàì ñðåäè æåíù"]
[Site "Naberezhnye Chelny"]
[Date "2017.08.06"]
[Round "5.16"]
[White "Ãàåð, Ìàðãàðèòà."]
[Black "Íóðóëëèíà, Ðàëèíà."]
[Result "1-0"]
[WhiteElo "1521"]
[BlackElo "1080"]
[PlyCount "81"]
[EventDate "2017.08.02"]

1. d4 g6 2. Nf3 Bg7 3. Bf4 d6 4. e4 Nf6 5. Nc3 O-O 6. Qd2 c5 7. dxc5 dxc5 8.
O-O-O Qxd2+ 9. Rxd2 b6 10. e5 Nh5 11. Be3 Nc6 12. Nd5 Bf5 13. Bb5 Nxe5 14. Nxe5
Bxe5 15. Nxe7+ Kh8 16. Nxf5 gxf5 17. Rd5 f6 18. Bh6 Bf4+ 19. Bxf4 Nxf4 20. Rd7
Nxg2 21. Bc6 Rae8 22. Bxg2 Re2 23. Rd2 Rxd2 24. Kxd2 Rd8+ 25. Ke3 Kg7 26. Bf3
Kf7 27. Rd1 Re8+ 28. Kf4 Re5 29. Rd7+ Ke6 30. Rxh7 a5 31. Rb7 b5 32. Rxb5 a4
33. Ra5 Re1 34. Rxa4 Rc1 35. Rc4 Ra1 36. Rxc5 Rb1 37. b3 Rf1 38. Ke3 f4+ 39.
Ke2 Rg1 40. a4 Rg8 41. Bd5+ 1-0

[Event "Ýòàï Êóáêà Ðîññèè ïî øàõìàòàì ñðåäè æåíù"]
[Site "Naberezhnye Chelny"]
[Date "2017.08.06"]
[Round "5.17"]
[White "Àõòûðñêàÿ, Àíàñòàñèÿ."]
[Black "Áóäêèíà, Êàðîëèíà."]
[Result "1-0"]
[WhiteElo "1468"]
[BlackElo "1380"]
[PlyCount "95"]
[EventDate "2017.08.02"]

1. e4 e5 2. Nc3 Nf6 3. f4 d6 4. Bc4 Be7 5. Nf3 Nc6 6. d3 exf4 7. Bxf4 Bg4 8. h3
Bh5 9. Qd2 Qd7 10. O-O-O O-O-O 11. g4 Bg6 12. Bb5 a6 13. Ba4 Qe6 14. Ng5 Qd7
15. Ne2 h6 16. Nf3 Bxe4 17. dxe4 Nxe4 18. Qe3 Nc5 19. Bxc6 Qxc6 20. Ned4 Qd7
21. Nb3 Nxb3+ 22. Qxb3 Bf6 23. Be5 Qe7 24. Bxf6 Qxf6 25. Rhe1 Rhe8 26. Qd3 g6
27. Nd4 Qg5+ 28. Kb1 h5 29. Qf3 Rf8 30. gxh5 gxh5 31. Re3 d5 32. Rde1 Rg8 33.
R3e2 Rg7 34. Nb3 Rdg8 35. Nc5 c6 36. Re8+ Rxe8 37. Rxe8+ Kc7 38. Re1 h4 39. Qb3
b5 40. Nxa6+ Kb6 41. Nb4 Qf5 42. Qe3+ Kb7 43. Qe7+ Kb6 44. Qd8+ Kc5 45. Nd3+
Kc4 46. Qa5 d4 47. Qb4+ Kd5 48. Qc5# 1-0

[Event "Ýòàï Êóáêà Ðîññèè ïî øàõìàòàì ñðåäè æåíù"]
[Site "Naberezhnye Chelny"]
[Date "2017.08.06"]
[Round "5.18"]
[White "Ìàëüöåâà, Àëåêñàíäðà."]
[Black "Øàêèðîâà, Êàðèíà."]
[Result "1-0"]
[WhiteElo "1145"]
[BlackElo "1172"]
[PlyCount "63"]
[EventDate "2017.08.02"]

1. e4 e5 2. d4 exd4 3. c3 dxc3 4. Bc4 d6 5. Nxc3 Nc6 6. Nf3 Be7 7. Qb3 Be6 8.
Bxe6 fxe6 9. Qxe6 Qd7 10. Qb3 b6 11. O-O Nf6 12. Rd1 O-O-O 13. a4 h6 14. e5 Nh7
15. Qd5 g5 16. Nd4 Nb8 17. a5 Rdf8 18. axb6 axb6 19. Ra7 c6 20. Rxd7 cxd5 21.
Rxe7 dxe5 22. Rxe5 Nf6 23. Nxd5 Ng4 24. Re2 Kb7 25. f3 Nf6 26. Nxf6 Rxf6 27.
Re6 Rxe6 28. Nxe6 Re8 29. Nd4 Nc6 30. Nf5 h5 31. Nd6+ Kc7 32. Nxe8+ {...} 1-0

[Event "Ýòàï Êóáêà Ðîññèè ïî øàõìàòàì ñðåäè æåíù"]
[Site "Naberezhnye Chelny"]
[Date "2017.08.07"]
[Round "6.1"]
[White "Ìèðçîåâà, Ýëüìèðà."]
[Black "Íå÷àåâà, Ìàðèíà."]
[Result "1/2-1/2"]
[WhiteElo "2307"]
[BlackElo "2432"]
[PlyCount "96"]
[EventDate "2017.08.02"]

1. d4 d5 2. c4 c6 3. Nf3 Nf6 4. Nc3 e6 5. Bg5 Nbd7 6. cxd5 exd5 7. e3 h6 8. Bh4
g5 9. Bg3 Nh5 10. Bd3 Nxg3 11. hxg3 Bg7 12. Qc2 Qe7 13. O-O Nb6 14. Rfe1 O-O
15. e4 Qd8 16. e5 f5 17. Nh2 f4 18. g4 Be6 19. Qe2 Re8 20. Bc2 Nd7 21. Rad1 Nf8
22. g3 Re7 23. Qd2 Rf7 24. Kg2 f3+ 25. Nxf3 Bxg4 26. Re3 Qd7 27. Rh1 Bf5 28.
Ne1 Ne6 29. Bxf5 Rxf5 30. Rf3 Rxf3 31. Nxf3 Rf8 32. Ne1 Qf7 33. f3 Qf5 34. Rf1
Rf7 35. Nc2 Qg6 36. Ne3 c5 37. Ncxd5 Nxd4 38. Ng4 Qc6 39. Ngf6+ Kf8 40. b4 g4
41. bxc5 gxf3+ 42. Kf2 Bxf6 43. Nxf6 Qxc5 44. Qxh6+ Ke7 45. Ng8+ Ke8 46. Nf6+
Ke7 47. Ng8+ Ke8 48. Nf6+ Ke7 1/2-1/2

[Event "Ýòàï Êóáêà Ðîññèè ïî øàõìàòàì ñðåäè æåíù"]
[Site "Naberezhnye Chelny"]
[Date "2017.08.07"]
[Round "6.2"]
[White "Øàôèãóëëèíà, Çàðèíà."]
[Black "Ñåìåíîâà, Åëåíà."]
[Result "0-1"]
[WhiteElo "2086"]
[BlackElo "2275"]
[PlyCount "66"]
[EventDate "2017.08.02"]

1. d4 d5 2. c4 dxc4 3. e3 Nf6 4. Bxc4 e6 5. Nc3 a6 6. a4 c5 7. d5 exd5 8. Nxd5
Nc6 9. Ne2 Bd6 10. Nxf6+ Qxf6 11. Bd2 O-O 12. f4 Bc7 13. Nc3 Be6 14. Bd3 Nb4
15. Bb1 Bc4 16. Qh5 Nd3+ 17. Bxd3 Bxd3 18. O-O-O Rad8 19. Nd5 Qe6 20. Nxc7 Qa2
21. Bc3 Bg6 22. Rxd8 Qb1+ 23. Kd2 Rxd8+ 24. Qd5 Rxd5+ 25. Nxd5 Qxh1 26. Ne7+
Kf8 27. Nxg6+ hxg6 28. g4 Qg2+ 29. Kd3 Qxg4 30. Kc4 Qe2+ 31. Kxc5 Qxe3+ 32. Bd4
b6+ 33. Kd5 Qe6# 0-1

[Event "Ýòàï Êóáêà Ðîññèè ïî øàõìàòàì ñðåäè æåíù"]
[Site "Naberezhnye Chelny"]
[Date "2017.08.07"]
[Round "6.3"]
[White "Âàñèëåâè÷, Òàòüÿíà."]
[Black "Õëè÷êîâà, Òàòüÿíà."]
[Result "1/2-1/2"]
[WhiteElo "2380"]
[BlackElo "2285"]
[PlyCount "123"]
[EventDate "2017.08.02"]

1. d4 e6 2. Nf3 f5 3. g3 Nf6 4. Bg2 d5 5. O-O Bd6 6. c4 O-O 7. b3 a5 8. Bb2 c6
9. a3 b6 10. Nbd2 Qe7 11. Ne5 Bb7 12. Ndf3 Ne4 13. Nd3 Nd7 14. Nfe5 Rad8 15.
Qc2 c5 16. e3 Nxe5 17. dxe5 Bb8 18. f3 dxc4 19. bxc4 Ng5 20. Rad1 b5 21. cxb5
Ba7 22. Nf4 Rxd1 23. Qxd1 Rd8 24. Qe2 c4 25. Qxc4 Bxe3+ 26. Kh1 Qd7 27. h4 Bxf4
28. Qxf4 Nf7 29. a4 Qd3 30. Rc1 Qb3 31. Bc3 h6 32. Bxa5 g5 33. hxg5 hxg5 34.
Qb4 Rd1+ 35. Rxd1 Qxd1+ 36. Qe1 Qxa4 37. b6 Qc2 38. Qd2 Qb1+ 39. Kh2 f4 40.
gxf4 Qh7+ 41. Kg1 Qb1+ 42. Kh2 Qh7+ 43. Kg1 Qb1+ 44. Kf2 gxf4 45. Qxf4 Qb2+ 46.
Kg3 Nxe5 47. Qg5+ Kf7 48. Qh5+ Ng6 49. Qh7+ Kf6 50. Qh5 Qc1 51. Qg4 Qc5 52. Qb4
Qg5+ 53. Kf2 Qd5 54. Qc3+ e5 55. Qd2 Qc5+ 56. Kg3 Nf4 57. Qd8+ Kg6 58. Qg8+ Kf6
59. Qh8+ Kg6 60. Qg8+ Kf6 61. Qh8+ Kg6 62. Qg8+ 1/2-1/2

[Event "Ýòàï Êóáêà Ðîññèè ïî øàõìàòàì ñðåäè æåíù"]
[Site "Naberezhnye Chelny"]
[Date "2017.08.07"]
[Round "6.4"]
[White "Ãóòêîâè÷, Ïîëèíà."]
[Black "Áåëîâà, Îëüãà."]
[Result "0-1"]
[WhiteElo "1885"]
[BlackElo "2042"]
[PlyCount "156"]
[EventDate "2017.08.02"]

1. d4 d5 2. c4 c6 3. Nc3 Nf6 4. Nf3 dxc4 5. a4 Bf5 6. e3 e6 7. Bxc4 Bb4 8. O-O
O-O 9. Qe2 Bg6 10. Bd3 c5 11. Bxg6 hxg6 12. Na2 Nc6 13. Nxb4 cxb4 14. Rd1 Qd5
15. Ne1 Rfd8 16. Bd2 a5 17. Rac1 Rac8 18. Nd3 b6 19. Nf4 Qd6 20. Qb5 Ne7 21.
Nd3 Ne4 22. Be1 Nd5 23. Ne5 Rc7 24. Qd3 Rxc1 25. Rxc1 Ndf6 26. Qc2 Qd5 27. Qc7
Rf8 28. Qxb6 Qb3 29. Qxa5 Qxb2 30. Rc7 Nxf2 31. Qxb4 Qa1 32. Kxf2 Nd5 33. Qa5
Nxc7 34. Qxc7 Qxa4 35. Nc6 Qc2+ 36. Kg3 Kh7 37. Qe7 Kg8 38. Qc7 Kh7 39. Qd6 Ra8
40. Nb4 Qe2 41. Bf2 Ra5 42. Qf4 Qc4 43. Be1 Rb5 44. Qxf7 Rg5+ 45. Kh3 Rh5+ 46.
Kg3 Rg5+ 47. Kh3 Qe2 48. Qf3 Qxe1 49. Nd3 Qb1 50. e4 Rh5+ 51. Kg3 Qg1 52. h4
Qxd4 53. Nf4 Rc5 54. Ne2 Qe5+ 55. Kh3 Rc4 56. Ng3 Rc3 57. Qg4 Re3 58. Kh2 Ra3
59. Kh3 Ra2 60. Qf3 Rc2 61. Qg4 Rf2 62. Qd1 Rf4 63. Qe1 Qf6 64. Ne2 Rf1 65. Qg3
Rh1+ 66. Kg4 e5 67. Nc3 Qe6+ 68. Kg5 Qf6+ 69. Kg4 Qe6+ 70. Kg5 Qe7+ 71. Kg4
Qd7+ 72. Kg5 Qd2+ 73. Kg4 Rg1 74. Kh3 Re1 75. Nd5 Rxe4 76. h5 Qxd5 77. Qxg6+
Kh8 78. h6 Qd3+ 0-1

[Event "Ýòàï Êóáêà Ðîññèè ïî øàõìàòàì ñðåäè æåíù"]
[Site "Naberezhnye Chelny"]
[Date "2017.08.07"]
[Round "6.5"]
[White "Àçèìîâà, Êàðèíà."]
[Black "Øàéäóëëèíà, Ñàíäóãà÷."]
[Result "1-0"]
[WhiteElo "2061"]
[BlackElo "2252"]
[PlyCount "61"]
[EventDate "2017.08.02"]

1. e4 c5 2. c3 d5 3. exd5 Qxd5 4. d4 g6 5. Nf3 Bg7 6. Na3 Nf6 7. Bb5+ Bd7 8.
Qe2 cxd4 9. Bxd7+ Nbxd7 10. Nb5 d3 11. Nc7+ Kd8 12. Nxd5 dxe2 13. Nxf6 Bxf6 14.
Kxe2 Kc7 15. Be3 e5 16. Rhd1 Rae8 17. Nd2 a6 18. Ne4 Be7 19. Rd5 f6 20. Rad1
Rd8 21. f3 Nb6 22. Bxb6+ Kxb6 23. Nxf6 Bxf6 24. Rd6+ Kc5 25. Rxf6 Rxd1 26. Kxd1
Rd8+ 27. Ke2 Rd7 28. Re6 Kd5 29. Re8 b5 30. Ke3 Rd6 31. h4 {çàïèñü íåïîíÿòíà}
1-0

[Event "Ýòàï Êóáêà Ðîññèè ïî øàõìàòàì ñðåäè æåíù"]
[Site "Naberezhnye Chelny"]
[Date "2017.08.07"]
[Round "6.6"]
[White "Ñîñíèíà, Íàäåæäà."]
[Black "×àðî÷êèíà, Äàðüÿ."]
[Result "0-1"]
[WhiteElo "1687"]
[BlackElo "2344"]
[PlyCount "86"]
[EventDate "2017.08.02"]

1. e4 c5 2. Nf3 Nc6 3. d4 cxd4 4. Nxd4 Qb6 5. Nb5 Nf6 6. Be3 Qd8 7. N1c3 a6 8.
Nd4 e5 9. Nxc6 bxc6 10. Bc4 Bb4 11. Qd3 d5 12. O-O-O Bxc3 13. Qxc3 d4 14. Qb3
Qc7 15. Bd2 Nxe4 16. Rhe1 Nxd2 17. Rxd2 O-O 18. Rde2 Rb8 19. Qd3 Qb6 20. Qb3
Qa7 21. Qd3 g6 22. Rxe5 Bf5 23. Qg3 Qb6 24. b3 Qb4 25. f4 Qa3+ 26. Kb1 Rb4 27.
Bd3 Bxd3 28. Qxd3 c5 29. Re8 Rb8 30. Rxf8+ Kxf8 31. Qe2 Qb4 32. Qe5 Kg8 33. Rd1
a5 34. Qe1 Qb5 35. Qe5 a4 36. Kb2 Re8 37. Qd5 Qb4 38. Rd3 a3+ 39. Kc1 Qe1+ 40.
Rd1 Qe3+ 41. Rd2 Qc3 42. Rd3 Qa1+ 43. Kd2 Qe1# 0-1

[Event "Ýòàï Êóáêà Ðîññèè ïî øàõìàòàì ñðåäè æåíù"]
[Site "Naberezhnye Chelny"]
[Date "2017.08.07"]
[Round "6.7"]
[White "Ñìèðíîâà, Åêàòåðèíà."]
[Black "Êîçèíà, Àíàñòàñèÿ."]
[Result "1-0"]
[WhiteElo "2141"]
[BlackElo "2132"]
[PlyCount "111"]
[EventDate "2017.08.02"]

1. d4 Nf6 2. c4 g6 3. Nc3 d5 4. cxd5 Nxd5 5. e4 Nxc3 6. bxc3 Bg7 7. Nf3 c5 8.
Be3 Qa5 9. Qd2 Nc6 10. Rb1 a6 11. Rc1 cxd4 12. cxd4 Qxd2+ 13. Kxd2 e6 14. Be2
O-O 15. Rhd1 Bd7 16. Ke1 Rfc8 17. Rb1 b5 18. Rdc1 Bf8 19. Bd2 Ba3 20. Rc3 b4
21. Rc4 a5 22. Bc1 Bxc1 23. Rbxc1 f5 24. d5 exd5 25. exd5 Na7 26. Ne5 Ba4 27.
d6 Rd8 28. Rc7 Rxd6 29. Bc4+ Kf8 30. Rf7+ Ke8 31. Rxh7 Nc8 32. Bf7+ Kd8 33.
Rh8+ Ke7 34. Rcxc8 Rxc8 35. Rxc8 Rd4 36. f3 Rd1+ 37. Ke2 Rg1 38. Kf2 Ra1 39. f4
Bd1 40. Rc7+ Kd6 41. Rd7+ Kc5 42. Rd5+ Kb6 43. Nc4+ Kc7 44. Rxa5 Bh5 45. Rc5+
Kd8 46. Ne5 Rb1 47. Rd5+ Ke7 48. Rd7+ Kf6 49. Bb3 g5 50. Rd6+ Kg7 51. fxg5 f4
52. Rd7+ Kf8 53. Rd8+ Kg7 54. Rg8+ Kh7 55. g6+ Kh6 56. Nf7# 1-0

[Event "Ýòàï Êóáêà Ðîññèè ïî øàõìàòàì ñðåäè æåíù"]
[Site "Naberezhnye Chelny"]
[Date "2017.08.07"]
[Round "6.8"]
[White "Ïîãîðåëüñêèõ, Ñîôüÿ."]
[Black "Õàðìóíîâà, Íàäåæäà."]
[Result "0-1"]
[WhiteElo "2028"]
[BlackElo "2162"]
[PlyCount "56"]
[EventDate "2017.08.02"]

1. e4 e5 2. Nf3 Nc6 3. Bb5 a6 4. Ba4 Nf6 5. O-O b5 6. Bb3 Bb7 7. d3 Bc5 8. Be3
Bxe3 9. fxe3 d5 10. exd5 Nxd5 11. Qd2 O-O 12. e4 Nf6 13. Kh1 h6 14. Qf2 Kh7 15.
Nc3 Ng4 16. Qg3 f5 17. Nh4 Nd4 18. Nxf5 Nxf5 19. Qxg4 Nd4 20. Qg3 Qd6 21. Qe3
a5 22. a3 a4 23. Rxf8 Qxf8 24. Ba2 Nxc2 25. Qc1 Nxa1 26. Qxa1 Rd8 27. Qd1 Qf2
28. Qc1 Rxd3 0-1

[Event "Ýòàï Êóáêà Ðîññèè ïî øàõìàòàì ñðåäè æåíù"]
[Site "Naberezhnye Chelny"]
[Date "2017.08.07"]
[Round "6.9"]
[White "Ìàêàðåíêî, Àëåêñàíäðà."]
[Black "×åêìàðåâà, Ëèÿ."]
[Result "1/2-1/2"]
[WhiteElo "2243"]
[BlackElo "2092"]
[PlyCount "104"]
[EventDate "2017.08.02"]

1. e4 c5 2. Nf3 Nc6 3. d4 cxd4 4. Nxd4 Qb6 5. Nb3 Nf6 6. Nc3 e6 7. Bd3 a6 8.
O-O Be7 9. Be3 Qc7 10. f4 d6 11. Qf3 Nd7 12. a3 b5 13. Qg3 Bf6 14. Rad1 Bb7 15.
f5 O-O 16. fxe6 fxe6 17. Qh3 Rae8 18. e5 Ncxe5 19. Qxh7+ Kf7 20. Qh5+ Ke7 21.
Qh3 Rh8 22. Qg3 Kd8 23. Bxb5 axb5 24. Nxb5 Qxc2 25. N3d4 Qxg2+ 26. Qxg2 Bxg2
27. Kxg2 Ke7 28. b4 Rc8 29. h3 Nc4 30. Rfe1 Nxe3+ 31. Rxe3 Be5 32. Rdd3 Nf6 33.
Rd1 Nd5 34. Rf3 Nf4+ 35. Kf1 Rxh3 36. Rxh3 Nxh3 37. Na7 Rf8+ 38. Ke2 Nf4+ 39.
Kd2 Bxd4 40. Nc6+ Kd7 41. Nxd4 Nd5 42. Rg1 Rf2+ 43. Kd3 Rf7 44. Kc4 Nc7 45. a4
e5 46. Ne2 Kc6 47. b5+ Kb6 48. Kb4 Nd5+ 49. Kc4 Ne3+ 50. Kb4 Nd5+ 51. Kc4 Ne3+
52. Kb4 Nd5+ 1/2-1/2

[Event "Ýòàï Êóáêà Ðîññèè ïî øàõìàòàì ñðåäè æåíù"]
[Site "Naberezhnye Chelny"]
[Date "2017.08.07"]
[Round "6.10"]
[White "Ëûñåíêî, Ìàðãàðèòà."]
[Black "Ôàéðóçîâà, Çóëüôèÿ."]
[Result "1-0"]
[WhiteElo "2126"]
[BlackElo "1707"]
[PlyCount "71"]
[EventDate "2017.08.02"]

1. d4 Nf6 2. Bf4 e6 3. e3 b6 4. Nf3 Bb7 5. Nbd2 Be7 6. Bd3 d6 7. h3 c5 8. c3
Nc6 9. Qe2 Qc7 10. Bh2 e5 11. dxe5 dxe5 12. Nc4 Bd6 13. O-O-O O-O-O 14. Nxd6+
Rxd6 15. Nxe5 Nxe5 16. Bxe5 Kb8 17. Bxd6 Qxd6 18. Ba6 Qe7 19. Bxb7 Qxb7 20. Qf3
Qe7 21. Rd3 Rc8 22. Rhd1 Qe8 23. Qg3+ Kb7 24. Qxg7 Rc6 25. Qg3 Qe6 26. Qf3 Kc7
27. Kb1 b5 28. Qf4+ Kb7 29. Rd6 Qe7 30. Qf3 Qe4+ 31. Qxe4 Nxe4 32. Rxc6 Kxc6
33. f3 Nd6 34. e4 f6 35. Rd5 f5 36. Rxf5 1-0